|
|
|
|
| LEADER |
00000nab a2200000 ar4500 |
| 001 |
vtls010461629 |
| 003 |
SK-MaSNL |
| 005 |
20260303093919.0 |
| 008 |
121018|2008 xo |r||||||||||00 b|slo |
| 015 |
|
|
|a SNBRB2012/10
|2 snkbucl
|
| 038 |
|
|
|a SNKBUCL
|
| 040 |
|
|
|a SNKBUCL
|b slo
|e AACR2
|c SNKBUCL
|
| 041 |
0 |
|
|a slo
|
| 044 |
|
|
|a xo
|c SK
|
| 080 |
|
|
|a 821.162.4-051
|2 2001
|
| 080 |
|
|
|a 929 Strauss, Pavol
|2 2001
|
| 100 |
1 |
|
|a Spoločníková, Mária,
|d 1926-2021
|4 aut
|9 204134
|
| 245 |
1 |
0 |
|a Moje vyznanie
|c Mária Spoločníková
|
| 300 |
|
|
|b Fotogr.
|
| 600 |
1 |
7 |
|a Strauss, Pavol,
|d 1912-1994
|2 snknba
|9 93225
|
| 655 |
|
7 |
|a profily
|2 snknba
|9 341977
|
| 773 |
0 |
|
|t Listy PS
|g Č. 9 (2008), s. 13
|
| 852 |
|
|
|a SNK
|b KIS3GCP
|
| 856 |
4 |
1 |
|u http://www.pavolstrauss.sk/sites/default/files/letter-pdfs/listyPS-9.pdf
|
| 958 |
|
|
|a LX
|
| 958 |
|
|
|a BX
|
| 999 |
|
|
|c 1817839
|d 1819769
|